Ugo Rondinone : no how on : Kunsthalle Wien, June 28-September 22, 2002 /
Saved in:
| Main Author: | |
|---|---|
| Corporate Author: | |
| Other Authors: | , |
| Format: | Book |
| Language: | English German |
| Published: |
Cologne : New York, NY :
W. König ; Distribution outside Europe, D.A.P., Distributed Art Publishers,
c2002.
|
| Subjects: | |
| Tags: |
Add Tag
No Tags, Be the first to tag this record!
|
| LEADER | 01664nam a2200361 a 4500 | ||
|---|---|---|---|
| 001 | 009073473-4 | ||
| 005 | 20030409165508.0 | ||
| 008 | 021025s2002 gw a bc 000 0 eng c | ||
| 020 | |a 3883755982 (hd.bd.) | ||
| 035 | 0 | |a ocm50780535 | |
| 035 | |a (NIC)4440763 | ||
| 040 | |a OHX |c OHX |d AZS |d MH-FA | ||
| 041 | 1 | |a eng |h ger | |
| 042 | |a pcc | ||
| 043 | |a e-au--- | ||
| 050 | 4 | |a N7153.R65 |b A4 2002 | |
| 072 | 7 | |a N |2 lcco | |
| 100 | 1 | |a Rondinone, Ugo, |d 1963- | |
| 245 | 1 | 0 | |a Ugo Rondinone : |b no how on : Kunsthalle Wien, June 28-September 22, 2002 / |c [edited by Gerald Matt ; text, Claudia Spinelli ; translation, Catherine Schelbert, Adrian Rosenfeld]. |
| 246 | 3 | 0 | |a No how on |
| 260 | |a Cologne : |b W. König ; |a New York, NY : |b Distribution outside Europe, D.A.P., Distributed Art Publishers, |c c2002. | ||
| 300 | |a [228] p. : |b chiefly ill. ; |c 31 cm. + |e 1 booklet ([32] p.) | ||
| 500 | |a Supplementary booklet includes critical texts in English and German, and bibliographical references. | ||
| 600 | 1 | 0 | |a Rondinone, Ugo, |d 1963- |v Exhibitions. |
| 650 | 0 | |a Installations (Art) |z Austria |z Vienna |v Exhibitions. | |
| 655 | 7 | |a Exhibition catalogs. |2 fast | |
| 700 | 1 | |a Matt, Gerald. | |
| 700 | 1 | |a Spinelli, Claudia. | |
| 710 | 2 | |a Kunsthalle Wien. | |
| 776 | 0 | 8 | |i Online version: |a Rondinone, Ugo, 1963- |t Ugo Rondinone. |d Köln : König ; New York, NY : Distribution outside Europe, D.A.P., Distributed Art Publishers, c2002 |w (OCoLC)894927398 |
| 776 | 0 | 8 | |i Online version: |a Rondinone, Ugo, 1963- |t Ugo Rondinone. |d Köln : König ; New York, NY : Distribution outside Europe, D.A.P., Distributed Art Publishers, ©2002 |w (OCoLC)894927398 |
| 988 | |a 20030331 | ||
| 906 | |0 OCLC | ||


